Statistiques concernant Titres de films d'une dimension parallèle

Cliquez ici pour prendre le quiz!

Statistiques générales

  • Ce quiz a été pris 7 980 fois
  • Le résultat moyen est 8 sur 20

Statistiques - réponses

Films de la dimension parallèleFilms de notre dimension% Correct
La troupe du Magnific dans...Longue Balade française de skieursLes Bronzés font du ski
91%
Audrey Tatou dans...Langoureuse Fouine débordant d'amour parisienLe Fabuleux Destin d'Amélie Poulain
55%
Louis de Funeste dans...Les "Guerriers" voyagentLa Grande Vadrouille
53%
Bérénice Bécot dans...Opération 1 : Le Catastrophique Narguilé d'EgypteOSS 117 : Le Caire, nid d'espions
50%
Par Jean Giroud:La Soucoupe avec CréatureLa Soupe aux choux
49%
Jean Renault dans...LiquidationLéon
42%
Par Luc Bleçon:Leeloo, Chauffeur, EspaceLe Cinquième Elément
40%
Alain Chatva dans...DogueDidier
37%
Christian Piano dans...Lointain VoyageLes Visiteurs
37%
Inspiré d'Uberço et Gossici:Armoricains aguerris jouant officiellementAstérix aux Jeux Olympiques
36%
Alexandre Astic dans...King Pendragon's VentureKaamelott : Premier Volet
36%
Sophie Morceau dans...Les BerettonLa Boum
36%
Romain Duriz dans...L'Année ErasmusL'Auberge espagnole
36%
Par Mathieu Caçauwitche:Long Ruisseaux purpurinsLes Rivières pourpres
36%
Jean Duverger dans...Baignade du nigaudBrice de Nice
34%
Thierry Lecasanier dans...Les Débiles déchantent candidementLe Dîner de cons
25%
Par Roman Violanski:Justice, Alfred !J'accuse
24%
Par Michel Hasanalissues:Tranquillité achromatiqueThe Artist
18%
Gilles Lepasnet dans...Bouches-du-Rhônes nécroséesBAC Nord
11%
Jean-Pierre Léoshokola dans...Les Quelques Crimes cachésLes Quatre Cents Coups
5%

Distribution des résultats

Percentile par nombre de réponses

% des personnes avec chaque résultat

Votre développement - résultats

Vous n’avez pas pris ce quiz